[Event "AUT-ch Open 2020"]
[Site "Graz"]
[Date "2020.02.15"]
[Round "2.32"]
[White "Pasti, Aron"]
[Black "Menezes, Christoph"]
[Result "1/2-1/2"]
[WhiteElo "2247"]
[BlackElo "2247"]
[Annotator "ChessBase"]
[PlyCount "74"]
[EventDate "2020.02.14"]
[EventType "swiss"]
[EventCountry "AUT"]
[SourceTitle "playchess.com"]
[Source "ChessBase"]
[SourceQuality "1"]
[TimeControl "40/5400+30:1800+30"]

1. e4 {[%emt 0:00:00]} c5 {[%emt 0:00:00]} 2. Nf3 {[%emt 0:00:00]} d6 {[%emt 0:00:00]} 3. d4 {[%emt 0:00:00]} cxd4 {[%emt 0:00:00]} 4. Nxd4 {[%emt 0:00:00]} Nf6 {[%emt 0:00:00]} 5. Nc3 {[%emt 0:00:01]} a6 {[%emt 0:00:04]} 6. h3 {[%emt 0:00:06]} e6 {[%emt 0:00:18]} 7. g4 {[%emt 0:00:06]} Be7 {[%emt 0:00:33]} 8. Bg2 {[%emt 0:00:14]} Nfd7 {[%emt 0:00:46]} 9. O-O {[%emt 0:02:59]} Nc6 {[%emt 0:00:56]} 10. Be3 {[%emt 0:02:08]} O-O {[%emt 0:00:56]} 11. f4 {[%emt 0:09:26]} Nxd4 {[%emt 0:01:04]} 12. Bxd4 {[%emt 0:04:49]} e5 {[%emt 0:01:11]} 13. Be3 {[%emt 0:04:02]} exf4 {[%emt 0:02:03]} 14. Bxf4 {[%emt 0:02:38]} Ne5 {[%emt 0:01:01]} 15. Nd5 {[%emt 0:02:31]} Be6 {[%emt 0:02:49]} 16. Qd4 {[%emt 0:05:37]} Bxd5 {[%emt 0:05:14]} 17. exd5 {[%emt 0:01:44]} Bf6 {[%emt 0:11:21]} 18. Qf2 {[%emt 0:02:01]} Ng6 {[%emt 0:08:17]} 19. Be3 {[%emt 0:02:31]} b5 {[%emt 0:09:22]} 20. c3 {[%emt 0:03:27]} Bh4 {[%emt 0:04:17]} 21. Qf5 {[%emt 0:05:53]} Qe7 {[%emt 0:02:09]} 22. Bd4 {[%emt 0:02:42]} Qe2 {[%emt 0:02:01]} 23. b3 {[%emt 0:08:07]} Rae8 {[%emt 0:05:41]} 24. a4 {[%emt 0:10:31]} bxa4 {[%emt 0:15:48]} 25. bxa4 {[%emt 0:02:09]} Bg3 {[%emt 0:08:22]} 26. Qf3 {[%emt 0:01:35]} Be5 {[%emt 0:01:21]} 27. Qxe2 {[%emt 0:06:57]} Bxd4+ {[%emt 0:00:04]} 28. Rf2 {[%emt 0:01:52]} Rxe2 {[%emt 0:01:02]} 29. cxd4 {[%emt 0:00:04]} Re3 {[%emt 0:00:22]} 30. Rf3 {[%emt 0:01:30]} Re7 {[%emt 0:01:27]} 31. Rc1 {[%emt 0:00:45]} Nh4 {[%emt 0:02:51]} 32. Rf2 {[%emt 0:02:28]} Re3 {[%emt 0:06:01]} 33. Rc6 Rd3 34. Rxd6 Rxd4 35. Rxa6 Nxg2 36. Kxg2 Rxd5 37. a5 Rdd8 1/2-1/2

[Event "AUT-ch Open 2020"]
[Site "Graz"]
[Date "2020.02.15"]
[Round "2.33"]
[White "Drnovsek, Gal"]
[Black "Ninov, Dayan"]
[Result "0-1"]
[WhiteElo "2242"]
[BlackElo "2242"]
[Annotator "ChessBase"]
[PlyCount "70"]
[EventDate "2020.02.14"]
[EventType "swiss"]
[EventCountry "AUT"]
[SourceTitle "playchess.com"]
[Source "ChessBase"]
[SourceQuality "1"]
[TimeControl "40/5400+30:1800+30"]

1. c4 {[%emt 0:01:55]} g6 {[%emt 0:00:00]} 2. d4 {[%emt 0:00:17]} Bg7 {[%emt 0:00:00]} 3. Nf3 {[%emt 0:01:13]} c5 {[%emt 0:00:11]} 4. d5 {[%emt 0:01:16]} d6 {[%emt 0:00:09]} 5. e4 {[%emt 0:00:44]} e6 {[%emt 0:00:51]} 6. Be2 {[%emt 0:04:18]} a6 {[%emt 0:01:44]} 7. O-O {[%emt 0:01:01]} exd5 {[%emt 0:01:13]} 8. exd5 {[%emt 0:01:39]} Ne7 {[%emt 0:05:18]} 9. Nc3 {[%emt 0:02:16]} Nd7 {[%emt 0:15:53]} 10. Ne4 {[%emt 0:07:12]} Nf6 {[%emt 0:02:12]} 11. Qa4+ {[%emt 0:01:50]} b5 {[%emt 0:01:24]} 12. cxb5 {[%emt 0:03:42]} O-O {[%emt 0:05:54]} 13. bxa6 {[%emt 0:06:28]} Nfxd5 {[%emt 0:09:04]} 14. Rd1 {[%emt 0:13:02]} Qc7 {[%emt 0:01:10]} 15. Qb3 {[%emt 0:05:03]} Rb8 {[%emt 0:05:29]} 16. Qa3 {[%emt 0:02:43]} Rb6 {[%emt 0:16:01]} 17. a7 {[%emt 0:10:14]} Bb7 {[%emt 0:00:41]} 18. Nc3 {[%emt 0:00:27]} Nxc3 {[%emt 0:04:25]} 19. bxc3 {[%emt 0:00:05]} Ra8 {[%emt 0:00:49]} 20. Bd2 {[%emt 0:03:43]} Bc6 {[%emt 0:06:10]} 21. Qc1 {[%emt 0:02:05]} Rxa7 {[%emt 0:00:42]} 22. Bh6 {[%emt 0:01:47]} Bh8 {[%emt 0:01:17]} 23. Nd2 {[%emt 0:01:54]} d5 {[%emt 0:04:47]} 24. Nb3 {[%emt 0:00:54]} Ba4 {[%emt 0:02:09]} 25. Bf4 {[%emt 0:02:03]} Be5 {[%emt 0:00:56]} 26. Bxe5 {[%emt 0:01:30]} Qxe5 {[%emt 0:00:02]} 27. Re1 {[%emt 0:00:08]} Bxb3 {[%emt 0:01:46]} 28. axb3 {[%emt 0:04:30]} Rxa1 {[%emt 0:00:02]} 29. Qxa1 {[%emt 0:00:05]} Re6 {[%emt 0:01:11]} 30. g3 {[%emt 0:00:43]} Nf5 {[%emt 0:04:42]} 31. Kf1 {[%emt 0:06:00]} Qe4 {[%emt 0:00:12]} 32. f3 {[%emt 0:00:04]} Qc2 {[%emt 0:01:47]} 33. Kf2 {[%emt 0:01:49]} d4 {[%emt 0:02:28]} 34. cxd4 {[%emt 0:00:06]} Nxd4 {[%emt 0:00:13]} 35. Qd1 {[%emt 0:01:03]} Rxe2+ {[%emt 0:00:21]} 0-1

[Event "AUT-ch Open 2020"]
[Site "Graz"]
[Date "2020.02.15"]
[Round "2.34"]
[White "Palczert, Matyas"]
[Black "Megalios, Konstantinos"]
[Result "0-1"]
[WhiteElo "2094"]
[BlackElo "2094"]
[Annotator "NA"]
[PlyCount "74"]
[EventDate "2020.02.14"]
[EventType "swiss"]
[EventCountry "AUT"]
[SourceTitle "playchess.com"]
[Source "ChessBase"]
[SourceQuality "1"]
[TimeControl "40/5400+30:1800+30"]

1. e4 {[%emt 0:00:00]} c5 {[%emt 0:00:00]} 2. Nf3 {[%emt 0:00:00]} d6 {[%emt 0:00:00]} 3. d4 {[%emt 0:00:00]} cxd4 {[%emt 0:00:07]} 4. Nxd4 {[%emt 0:00:07]} Nf6 {[%emt 0:00:06]} 5. Nc3 {[%emt 0:00:09]} Nc6 {[%emt 0:00:28]} 6. Bg5 {[%emt 0:00:55]} e6 {[%emt 0:00:21]} 7. Qd2 {[%emt 0:00:36]} a6 {[%emt 0:00:20]} 8. O-O-O {[%emt 0:01:09]} Bd7 {[%emt 0:00:24]} 9. f4 {[%emt 0:02:49]} h6 {[%emt 0:00:16]} 10. Bh4 {[%emt 0:07:39]} Nxe4 {[%emt 0:00:40]} 11. Nxe4 {[%emt 0:00:28]} Qxh4 {[%emt 0:00:26]} 12. Nxc6 {[%emt 0:04:50]} Bxc6 {[%emt 0:00:28]} 13. Nxd6+ {[%emt 0:00:52]} Bxd6 {[%emt 0:00:11]} 14. Qxd6 {[%emt 0:00:04]} Rd8 {[%emt 0:00:36]} 15. Qxd8+ {[%emt 0:00:20]} Qxd8 {[%emt 0:00:09]} 16. Rxd8+ {[%emt 0:00:05]} Kxd8 {[%emt 0:00:06]} 17. Rg1 {[%emt 0:06:26]} g5 {[%emt 0:03:09]} 18. g3 {[%emt 0:02:55]} Rg8 {[%emt 0:16:17]} 19. f5 {[%emt 0:01:47]} exf5 {[%emt 0:07:25]} 20. Bh3 {[%emt 0:02:21]} Be4 {[%emt 0:05:54]} 21. Rf1 {[%emt 0:04:03]} g4 {[%emt 0:02:50]} 22. Rd1+ {[%emt 0:00:10]} Ke7 {[%emt 0:00:41]} 23. Bf1 {[%emt 0:00:10]} h5 {[%emt 0:02:22]} 24. Bd3 {[%emt 0:01:09]} Bf3 {[%emt 0:01:14]} 25. Re1+ {[%emt 0:01:51]} Kf6 {[%emt 0:00:14]} 26. Kd2 {[%emt 0:00:44]} h4 {[%emt 0:04:41]} 27. b4 {[%emt 0:07:10]} Rh8 {[%emt 0:05:47]} 28. a4 {[%emt 0:01:20]} hxg3 {[%emt 0:03:08]} 29. hxg3 {[%emt 0:00:07]} Rh3 {[%emt 0:02:50]} 30. Rg1 {[%emt 0:00:42]} Kg5 {[%emt 0:02:19]} 31. b5 {[%emt 0:02:40]} axb5 {[%emt 0:02:14]} 32. axb5 {[%emt 0:00:52]} f4 {[%emt 0:00:07]} 33. gxf4+ {[%emt 0:00:21]} Kxf4 {[%emt 0:00:08]} 34. Re1 {[%emt 0:00:46]} Rh2+ {[%emt 0:04:14]} 35. Kc3 {[%emt 0:00:08]} g3 {[%emt 0:00:44]} 36. Re7 {[%emt 0:00:06]} f5 {[%emt 0:02:47]} 37. Rg7 {[%emt 0:00:35]} g2 {[%emt 0:00:40]} 0-1

[Event "AUT-ch Open 2020"]
[Site "Graz"]
[Date "2020.02.15"]
[Round "2.35"]
[White "Hoefelsauer, Thomas"]
[Black "Horvath, Reka"]
[Result "1-0"]
[WhiteElo "2390"]
[BlackElo "2018"]
[Annotator "ChessBase"]
[PlyCount "126"]
[EventDate "2020.02.14"]
[EventType "swiss"]
[EventCountry "AUT"]
[SourceTitle "playchess.com"]
[Source "ChessBase"]
[SourceQuality "1"]
[TimeControl "40/5400+30:1800+30"]

1. Nf3 {[%emt 0:00:00]} Nf6 {[%emt 0:00:00]} 2. c4 {[%emt 0:00:00]} c5 {[%emt 0:00:01]} 3. d4 {[%emt 0:00:00]} cxd4 {[%emt 0:00:19]} 4. Nxd4 {[%emt 0:00:04]} g6 {[%emt 0:00:13]} 5. g3 {[%emt 0:00:19]} Bg7 {[%emt 0:00:08]} 6. Bg2 {[%emt 0:00:04]} O-O {[%emt 0:00:13]} 7. Nc3 {[%emt 0:00:05]} Nc6 {[%emt 0:00:16]} 8. O-O {[%emt 0:00:07]} d6 {[%emt 0:00:10]} 9. e3 {[%emt 0:00:28]} Bd7 10. b3 {[%emt 0:00:47]} Qc8 {[%emt 0:04:05]} 11. Bb2 {[%emt 0:01:40]} Bh3 {[%emt 0:01:14]} 12. Rc1 {[%emt 0:05:19]} Bxg2 {[%emt 0:01:42]} 13. Kxg2 {[%emt 0:00:04]} h5 {[%emt 0:11:35]} 14. Nd5 {[%emt 0:06:49]} e6 {[%emt 0:15:37]} 15. Nxf6+ {[%emt 0:21:25]} Bxf6 {[%emt 0:00:15]} 16. Qf3 {[%emt 0:00:43]} Bg7 {[%emt 0:06:22]} 17. Rfd1 {[%emt 0:04:09]} Ne5 {[%emt 0:02:08]} 18. Qe2 {[%emt 0:00:38]} b6 {[%emt 0:11:05]} 19. f4 {[%emt 0:09:12]} Qb7+ {[%emt 0:04:13]} 20. Kg1 {[%emt 0:03:51]} Nf3+ {[%emt 0:10:55]} 21. Qxf3 {[%emt 0:09:10]} Qxf3 {[%emt 0:00:11]} 22. Nxf3 {[%emt 0:00:05]} Bxb2 {[%emt 0:00:08]} 23. Rc2 {[%emt 0:00:08]} Ba3 {[%emt 0:00:13]} 24. Nd4 {[%emt 0:00:37]} Bc5 {[%emt 0:01:03]} 25. Kf2 {[%emt 0:00:41]} a6 {[%emt 0:07:00]} 26. Rcd2 {[%emt 0:01:22]} Bb4 {[%emt 0:02:27]} 27. Rd3 {[%emt 0:01:05]} b5 {[%emt 0:01:03]} 28. Nc6 {[%emt 0:10:40]} bxc4 {[%emt 0:02:29]} 29. Rd4 {[%emt 0:00:35]} Bc5 {[%emt 0:03:41]} 30. Rxc4 {[%emt 0:00:10]} a5 {[%emt 0:01:12]} 31. Kf3 {[%emt 0:01:56]} Kg7 {[%emt 0:01:21]} 32. Nd4 {[%emt 0:04:14]} Rfb8 {[%emt 0:03:54]} 33. Nc2 {[%emt 0:02:17]} Rc8 {[%emt 0:02:24]} 34. e4 {[%emt 0:01:36]} f5 {[%emt 0:02:40]} 35. exf5 {[%emt 0:10:09]} d5 {[%emt 0:00:25]} 36. Rc3 {[%emt 0:01:24]} gxf5 {[%emt 0:00:17]} 37. Rc1 {[%emt 0:01:10]} Bb6 {[%emt 0:04:06]} 38. Ne1 {[%emt 0:00:55]} Rxc3+ {[%emt 0:00:39]} 39. Rxc3 {[%emt 0:00:01]} Bd4 {[%emt 0:01:39]} 40. Rc7+ {[%emt 0:01:43]} Kf6 {[%emt 0:01:29]} 41. Ke2 {[%emt 0:33:10]} Ra7 {[%emt 0:14:19]} 42. Rc6 {[%emt 0:00:00]} Ke7 {[%emt 0:01:05]} 43. Nf3 {[%emt 0:00:00]} Bf6 {[%emt 0:00:27]} 44. Ng5 {[%emt 0:00:00]} Kd7 {[%emt 0:00:23]} 45. Rb6 {[%emt 0:00:00]} Bd8 {[%emt 0:00:54]} 46. Rb8 {[%emt 0:00:00]} Kc7 {[%emt 0:08:07]} 47. Rb5 {[%emt 0:00:00]} Kc6 {[%emt 0:00:10]} 48. a4 {[%emt 0:00:00]} Bb6 {[%emt 0:01:25]} 49. Kd3 {[%emt 0:00:00]} Re7 {[%emt 0:00:34]} 50. Nf3 {[%emt 0:00:00]} Rb7 {[%emt 0:03:24]} 51. b4 {[%emt 0:00:00]} axb4 {[%emt 0:00:52]} 52. Rxb4 {[%emt 0:00:00]} Ra7 {[%emt 0:01:36]} 53. Ne5+ {[%emt 0:03:43]} Kc7 {[%emt 0:00:31]} 54. Kc2 {[%emt 0:00:01]} Bg1 {[%emt 0:02:48]} 55. Nf3 {[%emt 0:01:14]} Bc5 {[%emt 0:00:45]} 56. Rb5 {[%emt 0:00:01]} Kd6 {[%emt 0:00:36]} 57. Kb3 {[%emt 0:00:31]} d4 {[%emt 0:00:38]} 58. a5 {[%emt 0:00:24]} Kd5 {[%emt 0:00:32]} 59. Ne5 {[%emt 0:00:40]} Kd6 {[%emt 0:00:42]} 60. Nd3 {[%emt 0:01:10]} Rc7 {[%emt 0:00:11]} 61. Nxc5 {[%emt 0:00:55]} Rxc5 {[%emt 0:00:05]} 62. Rxc5 {[%emt 0:00:04]} Kxc5 {[%emt 0:00:06]} 63. a6 {[%emt 0:00:07]} Kd5 1-0

[Event "AUT-ch Open 2020"]
[Site "Graz"]
[Date "2020.02.15"]
[Round "2.36"]
[White "Tomazini, Zan"]
[Black "Skurniak, Szymon"]
[Result "1-0"]
[WhiteElo "1942"]
[BlackElo "1942"]
[Annotator "NA"]
[PlyCount "69"]
[EventDate "2020.02.14"]
[EventType "swiss"]
[EventCountry "AUT"]
[SourceTitle "playchess.com"]
[Source "ChessBase"]
[SourceQuality "1"]
[TimeControl "40/5400+30:1800+30"]

1. e4 {[%emt 0:02:58]} g6 {[%emt 0:01:39]} 2. d4 {[%emt 0:00:25]} Bg7 {[%emt 0:00:06]} 3. Nc3 {[%emt 0:00:07]} c6 {[%emt 0:00:18]} 4. Nf3 {[%emt 0:01:53]} d5 {[%emt 0:00:16]} 5. h3 {[%emt 0:00:06]} Nh6 {[%emt 0:00:12]} 6. g3 {[%emt 0:03:40]} O-O {[%emt 0:00:24]} 7. Bg2 {[%emt 0:00:19]} dxe4 {[%emt 0:05:47]} 8. Nxe4 {[%emt 0:00:06]} Nf5 {[%emt 0:00:09]} 9. c3 {[%emt 0:00:26]} Be6 {[%emt 0:00:47]} 10. O-O {[%emt 0:01:11]} Bd5 {[%emt 0:00:23]} 11. Re1 {[%emt 0:05:12]} Nd6 {[%emt 0:13:00]} 12. Nxd6 {[%emt 0:06:06]} exd6 {[%emt 0:05:04]} 13. Bf4 {[%emt 0:02:29]} Na6 {[%emt 0:01:23]} 14. Qa4 {[%emt 0:04:42]} Qd7 {[%emt 0:13:31]} 15. Qa3 Rfd8 {[%emt 0:03:32]} 16. Bxd6 {[%emt 0:06:03]} Bxf3 {[%emt 0:04:56]} 17. Bxf3 {[%emt 0:00:34]} Qxh3 {[%emt 0:00:35]} 18. Be7 {[%emt 0:03:37]} Re8 {[%emt 0:05:20]} 19. Bxc6 {[%emt 0:07:38]} bxc6 {[%emt 0:00:36]} 20. Qxa6 {[%emt 0:00:06]} Qd7 {[%emt 0:00:13]} 21. Qa3 {[%emt 0:01:35]} Rab8 {[%emt 0:01:51]} 22. Bc5 {[%emt 0:02:20]} Rxe1+ {[%emt 0:02:00]} 23. Rxe1 {[%emt 0:00:05]} Re8 {[%emt 0:00:05]} 24. Rxe8+ {[%emt 0:01:54]} Qxe8 {[%emt 0:00:01]} 25. Qxa7 {[%emt 0:00:14]} Qe1+ {[%emt 0:00:25]} 26. Kg2 {[%emt 0:00:06]} Qe4+ {[%emt 0:00:10]} 27. Kh2 {[%emt 0:00:09]} h5 {[%emt 0:01:52]} 28. Qb8+ {[%emt 0:00:28]} Kh7 {[%emt 0:00:05]} 29. Qf4 {[%emt 0:00:18]} Qe6 {[%emt 0:01:09]} 30. a4 {[%emt 0:01:23]} Bh6 {[%emt 0:00:31]} 31. Qf3 {[%emt 0:01:00]} f5 {[%emt 0:01:11]} 32. a5 {[%emt 0:01:06]} f4 {[%emt 0:00:18]} 33. a6 {[%emt 0:00:49]} fxg3+ {[%emt 0:00:57]} 34. fxg3 {[%emt 0:00:05]} Qa2 {[%emt 0:00:03]} 35. Ba3 {[%emt 0:00:42]} 1-0

[Event "AUT-ch Open 2020"]
[Site "Graz"]
[Date "2020.02.16"]
[Round "3.1"]
[White "Poetz, Florian"]
[Black "Martinez Alcantara, Jose Eduardo"]
[Result "1/2-1/2"]
[WhiteElo "2425"]
[BlackElo "2617"]
[Annotator "TA"]
[PlyCount "60"]
[EventDate "2020.02.14"]
[EventType "swiss"]
[EventCountry "AUT"]
[SourceTitle "playchess.com"]
[Source "ChessBase"]
[SourceQuality "1"]

{[%evp 9,60,-13,0,0,0,0,5,0,36,23,45,30,64,62,57,53,68,77,112,112,113,106,116,99,102,72,127,104,114,91,128,66,106,65,84,68,106,110,101,37,31,31,31,33,33,25,23,18,70,13,16,18,39]} 1. e4 c5 2. Nc3 d6 3. d4 cxd4 4. Qxd4 Nf6 5. b3 a6 6. Bb2 {B23: Closed Sicilian: Lines without g3.} e5 7. Qd2 Be7 8. O-O-O Nc6 9. Kb1 O-O 10. f3 {[#]} Be6 $146 ({Predecessor:} 10... b5 11. Nge2 Be6 12. g4 Rc8 13. h4 Nb4 14. a3 Nc6 15. g5 Nd7 16. Nd5 Nb6 {0-1 (50) Iljiushenok,I (2533)-Teterev,V (2486) St Petersburg 2018}) 11. g4 Nd4 12. Nce2 Nxe2 13. Nxe2 Qb6 {[#]} 14. Ng3 $1 Rfd8 15. g5 Ne8 16. Nf5 Bf8 {...d5 would now be nice for Black.} 17. Ne3 Qc5 (17... a5 $142) 18. Bc4 Nc7 19. h4 Rac8 20. Qe2 (20. h5 $16) 20... a5 21. Bxe6 fxe6 22. Rd3 Nb5 23. Rhd1 Na3+ 24. Ka1 (24. Bxa3 $16 Qxa3 25. Nc4) 24... Nxc2+ $14 25. Nxc2 Qxc2 26. Qxc2 Rxc2 {[#]} 27. Bxe5 $1 {[%mdl 576] Pin} Rc6 (27... dxe5 28. Rxd8) 28. f4 a4 (28... g6 $11) 29. Kb1 ({White should play} 29. bxa4 $14 Ra6 30. a5) 29... axb3 $11 30. axb3 Rd7 {Accuracy: White = 77%, Black = 62%.} 1/2-1/2

[Event "AUT-ch Open 2020"]
[Site "Graz"]
[Date "2020.02.16"]
[Round "3.1"]
[White "Bin-Suhayl, Ieysaa"]
[Black "Drnovsek, Gal"]
[Result "1/2-1/2"]
[WhiteElo "2174"]
[BlackElo "2390"]
[Annotator "ChessBase"]
[PlyCount "80"]
[EventDate "2020.02.14"]
[EventType "swiss"]
[EventCountry "AUT"]
[SourceTitle "playchess.com"]
[Source "ChessBase"]
[SourceQuality "1"]
[TimeControl "40/5400+30:1800+30"]

1. d4 {[%emt 0:00:00]} Nf6 {[%emt 0:00:57]} 2. c4 {[%emt 0:00:00]} e6 {[%emt 0:00:07]} 3. Nf3 {[%emt 0:00:00]} d5 {[%emt 0:00:10]} 4. g3 {[%emt 0:00:00]} Bb4+ {[%emt 0:01:43]} 5. Bd2 {[%emt 0:00:00]} Be7 {[%emt 0:00:25]} 6. Bg2 {[%emt 0:00:03]} O-O {[%emt 0:00:07]} 7. Qc2 {[%emt 0:00:01]} c6 {[%emt 0:01:10]} 8. O-O {[%emt 0:00:04]} Nbd7 {[%emt 0:01:12]} 9. Bf4 {[%emt 0:00:29]} Nh5 {[%emt 0:01:58]} 10. Bc1 {[%emt 0:00:04]} Nhf6 {[%emt 0:00:59]} 11. Nbd2 {[%emt 0:00:18]} b6 {[%emt 0:02:06]} 12. e4 {[%emt 0:00:07]} Ba6 {[%emt 0:02:16]} 13. e5 {[%emt 0:02:11]} Ne8 {[%emt 0:00:35]} 14. Re1 {[%emt 0:03:34]} Nc7 {[%emt 0:04:45]} 15. b3 {[%emt 0:03:57]} c5 {[%emt 0:02:53]} 16. Ba3 {[%emt 0:04:51]} Rc8 {[%emt 0:04:18]} 17. Rac1 {[%emt 0:09:08]} dxc4 {[%emt 0:07:42]} 18. Nxc4 {[%emt 0:00:24]} Nb5 {[%emt 0:02:15]} 19. Bb2 {[%emt 0:01:43]} Nxd4 {[%emt 0:09:00]} 20. Bxd4 {[%emt 0:03:23]} cxd4 {[%emt 0:00:09]} 21. Nxd4 {[%emt 0:06:25]} Bxc4 {[%emt 0:20:14]} 22. bxc4 {[%emt 0:00:42]} Qc7 {[%emt 0:03:34]} 23. Nc6 {[%emt 0:01:59]} Nb8 {[%emt 0:00:35]} 24. Nxb8 {[%emt 0:06:52]} Qxb8 {[%emt 0:00:08]} 25. Qe4 {[%emt 0:00:39]} Rfd8 {[%emt 0:01:52]} 26. Red1 {[%emt 0:05:02]} Ba3 {[%emt 0:01:14]} 27. Rb1 {[%emt 0:00:23]} Qc7 {[%emt 0:02:47]} 28. Bf1 {[%emt 0:00:44]} Bc5 {[%emt 0:01:49]} 29. Kg2 {[%emt 0:01:11]} g6 {[%emt 0:01:09]} 30. Be2 {[%emt 0:00:34]} a5 {[%emt 0:01:28]} 31. h4 {[%emt 0:07:21]} Bb4 {[%emt 0:03:01]} 32. h5 {[%emt 0:02:50]} Bc3 {[%emt 0:01:14]} 33. f4 {[%emt 0:00:48]} Bb4 {[%emt 0:03:03]} 34. hxg6 {[%emt 0:01:44]} hxg6 {[%emt 0:00:16]} 35. g4 {[%emt 0:05:02]} Qe7 {[%emt 0:04:29]} 36. Qf3 {[%emt 0:05:29]} Kg7 {[%emt 0:01:13]} 37. Qe4 {[%emt 0:02:23]} Bc5 {[%emt 0:02:07]} 38. Qf3 {[%emt 0:00:58]} Rxd1 {[%emt 0:03:59]} 39. Rxd1 {[%emt 0:00:35]} Rh8 {[%emt 0:01:51]} 40. Qg3 {[%emt 0:02:10]} Qh4 {[%emt 0:08:06]} 1/2-1/2

[Event "AUT-ch Open 2020"]
[Site "Graz"]
[Date "2020.02.16"]
[Round "3.2"]
[White "Shevchenko, Kirill"]
[Black "Handler, Lukas"]
[Result "1-0"]
[WhiteElo "2580"]
[BlackElo "2422"]
[Annotator "TA"]
[PlyCount "119"]
[EventDate "2020.02.14"]
[EventType "swiss"]
[EventCountry "AUT"]
[SourceTitle "playchess.com"]
[Source "ChessBase"]
[SourceQuality "1"]

{[%evp 20,119,23,18,27,13,22,20,0,7,7,15,47,0,103,65,82,70,119,139,196,139,142,129,93,28,80,0,82,41,100,10,91,-14,118,53,127,94,127,84,125,23,36,49,114,35,179,152,164,34,37,26,39,26,35,36,47,7,102,16,218,66,68,0,28,7,18,7,35,39,51,41,89,18,52,56,121,99,75,51,108,112,173,160,326,325,724,530,501,278,1261,1187,1138,1040,29993,6291,5195,5206,1636,1357,1343,460]} 1. e4 e6 2. d4 d5 3. Nc3 Nf6 4. e5 Nfd7 5. f4 c5 6. Nf3 Nc6 7. Be3 cxd4 8. Nxd4 Bc5 9. Qd2 O-O 10. O-O-O a6 11. Nb3 Bb4 {C11: French: Classical System: 4 e5 and 4 Bg5 dxe4.} 12. Bd3 b5 13. Rhf1 Bb7 {The position is equal.} 14. Rf3 g6 15. Rh3 {[#]} f5 $146 ({Predecessor:} 15... a5 16. Kb1 a4 17. Nd4 a3 18. Nxc6 Bxc6 19. Bd4 axb2 20. f5 f6 21. Qh6 Rf7 22. fxg6 {1-0 (31) Alekseev,E (2698)-Yemelin,V (2558) St Petersburg 2013}) 16. Qf2 Rf7 (16... Bxc3 $11 17. bxc3 Na5) 17. Ne2 Bf8 18. Kb1 b4 19. Qg1 $1 h5 (19... Qe7 $16 {was called for.}) 20. Nbd4 (20. g4 $18 {aiming for gxf5.} hxg4 21. Rg3) 20... Nxd4 $16 21. Nxd4 {Black must now prevent Rg3.} ({Reject} 21. Bxd4 $6 Rg7 $11) 21... Qe8 22. Nf3 (22. g4 $16 hxg4 23. Rg3) 22... Be7 (22... Rc8 $11) 23. Nd4 Bf8 $1 24. Nb3 Bc6 (24... a5 $14) 25. Bd4 (25. g4 $16 hxg4 26. Rg3) 25... Bb5 (25... a5 $11 {keeps the balance.}) 26. Rf3 (26. Bxb5 $1 $16 axb5 27. Qf1) 26... Rh7 (26... Bxd3 $1 $11 27. cxd3 (27. Rfxd3 a5 $11) 27... a5) 27. h3 ({White should try} 27. Bxb5 $1 $16 axb5 28. h3) 27... h4 (27... Bxd3 $1 $14 28. Rdxd3 (28. Rfxd3 a5 $14) 28... a5) 28. Be3 Rc8 29. Rd2 Bc4 30. g3 (30. g4 $1 $16) 30... Bxb3 $1 $11 31. axb3 Bc5 (31... Nc5 $14) 32. gxh4 (32. Bxc5 $16 Nxc5 33. Rg2) 32... Rxh4 (32... Bxe3 $14 33. Qxe3 (33. Rxe3 Nf8 $14) 33... Rb8) 33. Bxa6 Bxe3 34. Qxe3 (34. Rxe3 $18 Rb8 35. Rf3) 34... Rb8 $1 $14 35. Bd3 Nf8 36. Rg2 Qe7 37. Qf2 Qh7 38. Rgg3 Rb7 (38... Qc7 $11 {remains equal.}) 39. Qc5 ({Better is} 39. Ba6 $1 $16 {[%cal Ra6b7]} Rb8 40. Qc5) 39... Qh6 $2 (39... Qc7 $11 40. Qxc7 Rxc7) 40. Qd4 $2 (40. Ba6 $1 $18 {[%cal Ra6b7]} Rg7 41. Qxb4) 40... Qg7 41. Qc5 (41. Ba6 $14 Rb8 42. Qc5) 41... Qd7 42. Rg1 Qd8 43. Kc1 Rhh7 44. Kd2 $36 {[%mdl 2048] White is more active.} Qa8 45. Qd4 Kf7 {[#]} 46. Ke3 (46. Rh1 $1 $16) 46... Qb8 47. Ra1 g5 ({Black should play} 47... Nd7 $14) 48. fxg5 {Ra6 is the strong threat.} Ng6 {[#] Black wants to play ...Rh4.} 49. Kd2 $1 Rh4 (49... Qxe5 $14 50. Qf2 Kg7) 50. Qf2 $16 {And now Rxf5+! would win.} Nxe5 (50... Re4 $16) 51. Re3 $18 Ng6 $2 {[#]} (51... Rf4 $16 52. Qe2 (52. Qxf4 Nc4+ 53. bxc4 Qxf4 $11) 52... Nxd3 53. cxd3 Qh8) 52. Rxe6 $1 {[%mdl 576] Decoy} Kxe6 $2 (52... Qf4+ 53. Qxf4 Rxf4) 53. Qxf5+ Ke7 {Strongly threatening ...Qf4+.} 54. Re1+ Kd8 $2 (54... Kd6 55. c3 (55. Re6+ Kc5 $16) 55... Rd7 56. Qxg6+ Kc5) 55. Qxg6 ({Not} 55. Qf6+ Re7 $16) 55... Qf4+ 56. Kd1 {Intending Qe8+ and mate.} Rxh3 57. Re8+ (57. Qe8+ $142 Kc7 58. Re7+ Kd6 59. Re6+ Kc5 60. Qc6+ {[%mdl 64] Double Attack} Kd4 61. c3+ Kxd3 62. Qxd5+ Qd4 63. Qxd4#) 57... Kc7 {White is clearly winning.} 58. Re7+ Kb8 59. Qe8+ Ka7 60. Rxb7+ {Accuracy: White = 43%, Black = 33%.} (60. Qa4+ $142 Kb8 61. Re8+ Kc7 62. Qa5+ {[%mdl 64] Double Attack} Kd6 63. Qd8+ Kc5 64. Qa5+ Kd6 65. Qd8+ Kc5 66. Qc8+ {[%mdl 64] Double Attack} Rc7 67. Qxh3) 1-0